000 00969nam a2200289 a 4500
001 000004029
003 DO-SdBNP
005 20250621074004.0
007 ta
008 090716s2006 dr 000 f spa d
020 _a9788496461611
040 _aDO-SdBNP
_bspa
_cBNPHU
082 4 _aRD863.44
_bR696m
_222
100 1 _aRodríguez, Aralís
_912040
245 1 0 _aMara /
_cAralís Rodríguez ; dirección editorial María Peña Castro.
260 _aMadrid :
_bNuevosescritores,
_c2006.
300 _a268 p. ;
_c22 cm.
500 _aIncluye datos biográficos del autora en la contraportada
590 _aInventariado, 2020 / DG
650 0 _aNovela histórica dominicana.
_9860
650 0 _aLiteratura dominicana.
_967
651 0 _aRepública Dominicana
_xPolítica y gobierno
_945
651 4 _aRepública Dominicana
_xHistoria
_9170
700 1 _aPeña Castro, María,
_edir. ed.
_912041
910 _aValidado. Control de calidad MMOLINA
942 _2ddc
_cLBS1
999 _c3848
_d3848